Magic, science and religion, (Record no. 369)
[ view plain ]
| 000 -LEADER | |
|---|---|
| fixed length control field | 00512cam a2200169 4500 |
| 001 - CONTROL NUMBER | |
| control field | 461 |
| 005 - DATE AND TIME OF LATEST TRANSACTION | |
| control field | 20181127161528.0 |
| 008 - FIXED-LENGTH DATA ELEMENTS--GENERAL INFORMATION | |
| fixed length control field | 721213t19541948nyu 000 0 eng |
| 010 ## - LIBRARY OF CONGRESS CONTROL NUMBER | |
| LC control number | 54004389 |
| 100 1# - MAIN ENTRY--PERSONAL NAME | |
| Personal name | Malinowski, Bronislaw, |
| Dates associated with a name | 1884-1942. |
| 245 10 - TITLE STATEMENT | |
| Title | Magic, science and religion, |
| Remainder of title | and other essays. |
| Statement of responsibility, etc. | With an introd. by Robert Redfield. |
| 260 ## - PUBLICATION, DISTRIBUTION, ETC. | |
| Place of publication, distribution, etc. | Garden City, N.Y. : |
| Name of publisher, distributor, etc. | Doubleday, |
| Date of publication, distribution, etc. | 1948. |
| 300 ## - PHYSICAL DESCRIPTION | |
| Extent | 274 p. : |
| Dimensions | 18 cm. |
| 490 0# - SERIES STATEMENT | |
| Series statement | Doubleday anchor books, A23 |
| 650 #0 - SUBJECT ADDED ENTRY--TOPICAL TERM | |
| Topical term or geographic name entry element | Ethnology. |
| Topical term or geographic name entry element | Religion. |
| Withdrawn status | Lost status | Source of classification or shelving scheme | Damaged status | Not for loan | Collection code | Home library | Current library | Shelving location | Serial Enumeration / chronology | Inventory number | Total Checkouts | Full call number | Barcode | Date last seen | Price effective from | Koha item type |
|---|---|---|---|---|---|---|---|---|---|---|---|---|---|---|---|---|
| Dewey Decimal Classification | Main TEST | RTC Library | RTC Library | Main opac | 1486 | 291.04 MAL | 30002269 | 27/11/2018 | 27/11/2018 | Main |